000 00422nam a2200181Ia 4500
001 10446
005 20260306161833.0
008 260306t2003||||xx |||||||||||||| ||spa||
041 _aESP
082 _a929.461
_bG43
100 _aGibson, Ian
_eAUT
245 0 _aCela, el hombre que quiso ganar
260 _c2003
300 _a379 páginas :
_c24 cm.
650 _aGEN
654 _aCHU
942 _cLIB
_dJUS
_fJUS
_2ddc
_n
999 _c10446
_d10446